000 00932nam a22003137a 4500
003 CHAP
005 20220329134308.0
008 971013s1972 r 00010 d
010 _a18296
011 _a19268
035 _a23353
040 _cCHAP
082 _a637.1
_bJ8 1972
100 0 0 _aJuergenson, Elwood M.
_962280
245 _aApproved practices in dairying
250 _a3 ed.
260 _aDanville, Ill., :
_bInterstate,
_c1972
300 _a353 p.
_b: ilus
590 _aBATCH-UPD
_b10
_c20130110
_lUCH01
_h1601
590 _aBATCH-UPD
_b10
_c20130410
_lUCH01
_h0958
590 _aBATCH-UPD
_b10
_c20130914
_lUCH01
_h1515
590 _aCONVERSION
_b10
_c20130109
_lUCH01
_h1311
650 1 4 _aGanado lechero.
_945237
650 1 4 _aIndustria lechera.
_957819
650 1 4 _aLeche
_xProducción.
_965400
901 _aBK
942 _cLIBRO
949 _a637.1 J8 1972
_bBC
_cLIBRO
_d33724000103511
_eLIBRO
_h39661
_i23353
_mD
_si
999 _c18296
_d18296